000 00338nam a2200145Ia 4500
100 _aGraham/A.K
650 _aElectrical Engineering
942 _cBK
654 _aHandbook
245 _aElectroplating Engineers Handbook
260 _bVan nostand rainhold co.
_aNEWYORK
_c1971
082 _a671.7
300 _a845
546 _aENGLISH
999 _c33898
_d33898